Chemical engineering kinetics (Record no. 6589)

000 -LEADER
fixed length control field 00510nam a2200193 4500
001 - CONTROL NUMBER
control field 6589
003 - CONTROL NUMBER IDENTIFIER
control field BD-DhUET
008 - FIXED-LENGTH DATA ELEMENTS--GENERAL INFORMATION
fixed length control field 700825s1970 nyua b 001 0 eng
040 ## - CATALOGING SOURCE
Transcribing agency 0
Modifying agency BD-DhUET
Original cataloging agency DLC
082 00 - DEWEY DECIMAL CLASSIFICATION NUMBER
Classification number 541.39
Item number SMI/1970
100 ## - MAIN ENTRY--PERSONAL NAME
Personal name Smith, J. M.
245 10 - TITLE STATEMENT
Title Chemical engineering kinetics
250 ## - EDITION STATEMENT
Edition statement 2nd ed.
260 ## - PUBLICATION, DISTRIBUTION, ETC. (IMPRINT)
Place of publication, distribution, etc. New York
Name of publisher, distributor, etc. McGraw-Hill
Date of publication, distribution, etc. 1970
300 ## - PHYSICAL DESCRIPTION
Extent xviii, 612p.
Other physical details ill.
490 0# - SERIES STATEMENT
Series statement McGraw-Hill chemical engineering series
650 #0 - SUBJECT ADDED ENTRY--TOPICAL TERM
Topical term or geographic name as entry element Kinetics : Physical chemistry
942 ## - ADDED ENTRY ELEMENTS (KOHA)
Koha item type General Book
Holdings
Not for loan Koha date last seen Source of classification or shelving scheme Lost status Damaged status Date acquired Piece designation (barcode) Koha full call number Price effective from Shelving location Copy number Location (home branch) Koha item type Koha normalized classification for sorting Withdrawn status Sublocation or collection (holding branch)
 2014-12-04   2014-12-0484576541.39/SMI/19702014-12-04Circulation section1Central Library, BUETGeneral Book541_390000000000000_SMI_1970 Central Library, BUET
 2014-12-12   2014-12-1229865541.39/SMI/19702014-12-12Circulation section2Central Library, BUETGeneral Book541_390000000000000_SMI_1970 Central Library, BUET
 2014-12-12   2014-12-1229867541.39/SMI/19702014-12-12Circulation section3Central Library, BUETGeneral Book541_390000000000000_SMI_1970 Central Library, BUET
 2014-12-12   2014-12-1229863541.39/SMI/19702014-12-12Circulation section4Central Library, BUETGeneral Book541_390000000000000_SMI_1970 Central Library, BUET
 2015-03-11   2015-03-1129871541.39/SMI/19702015-03-11Circulation section5Central Library, BUETGeneral Book541_390000000000000_SMI_1970 Central Library, BUET
 2015-03-14   2015-03-1429868541.39/SMI/19702015-03-14Circulation section6Central Library, BUETGeneral Book541_390000000000000_SMI_1970 Central Library, BUET
 2015-03-14   2015-03-1437045541.39/SMI/19702015-03-14Circulation section7Central Library, BUETGeneral Book541_390000000000000_SMI_1970 Central Library, BUET
 2015-04-23   2015-04-2329869541.39/SMI/19702015-04-23Circulation section8Central Library, BUETGeneral Book541_390000000000000_SMI_1970 Central Library, BUET
 2015-04-23   2015-04-2329859541.39/SMI/19702015-04-23Circulation section9Central Library, BUETGeneral Book541_390000000000000_SMI_1970 Central Library, BUET
 2015-04-26   2015-04-2629870541.39/SMI/19702015-04-26Circulation section10Central Library, BUETGeneral Book541_390000000000000_SMI_1970 Central Library, BUET
 2015-04-26   2015-04-2629861541.39/SMI/19702015-04-26Circulation section11Central Library, BUETGeneral Book541_390000000000000_SMI_1970 Central Library, BUET
 2015-04-27   2015-04-2725967541.39/SMI/19702015-04-27Circulation section12Central Library, BUETGeneral Book541_390000000000000_SMI_1970 Central Library, BUET
 2015-04-27   2015-04-2729860541.39/SMI/19702015-04-27Circulation section13Central Library, BUETGeneral Book541_390000000000000_SMI_1970 Central Library, BUET
 2015-06-08   2015-06-0829862541.39/SMI/19702015-06-08Reading section14Central Library, BUETReading Item541_390000000000000_SMI_1970 Central Library, BUET
 2015-06-08   2015-06-0829866541.39/SMI/19702015-06-08Reading section15Central Library, BUETReading Item541_390000000000000_SMI_1970 Central Library, BUET
 2015-06-08   2015-06-0829872541.39/SMI/19702015-06-08Reading section16Central Library, BUETReading Item541_390000000000000_SMI_1970 Central Library, BUET
 2015-06-08   2015-06-0829864541.39/SMI/19702015-06-08Reading section17Central Library, BUETReading Item541_390000000000000_SMI_1970 Central Library, BUET